000 02068nam a22002297a 4500
005 20251224155322.0
006 a|||||r|||||||||||
008 s2025 moua b 001 0 eng d
020 _a9780323718592
040 _aGR-AtMCL
_dGR-AtMCL
_bgre
100 _aNeumann, Donald A.
_910210
245 1 0 _aKinesiology of the musculoskeletal system/
_cDonald A. Neumann ; primary artwork by Elisabeth Roen Kelly.
250 _a4th edition.
264 1 _aSt. Louis, Missouri :
_bElsevier,
_c2025
300 _a780 p. :
_billustrations (chiefly color) ;
_c29 cm
504 _aIncludes bibliographical references and index.
520 _aWith a focus on the normal and abnormal mechanical interactions between the muscles and joints of the body, Neumann’s Kinesiology of the Musculoskeletal System, 4th Edition provides a foundation for the practice of physical rehabilitation. This comprehensive, research-based core text explores kinesiology as it relates to physical rehabilitation in a clinically relevant and accessible manner. It presents the language of human movement — and acts as a bridge between basic science and clinical management. It helps clinicians effectively address the mechanical-based changes in movement across a person’s lifespan, whether in the context of rehabilitation, recreation, or promotion of health and wellness. Full-color anatomic and kinesiologic illustrations clearly demonstrate the anatomy, functional movement, and biomechanical principles underlying movement and posture. An eBook version, included with print purchase, provides access to all the text, figures, and references, with the ability to search, customize content, make notes and highlights, and have content read aloud. The eBook included with print purchase also features multiple excellent videos of anatomic and kinesiologic principles, answers to study questions from the print book, and additional tables and figures.
650 1 0 _aPhysical education and training
_910090
650 1 0 _aKinesiology, Applied
_910211
942 _cBK
999 _c10007
_d10007